000 00506nam a22001457a 4500
999 _c5634
_d5634
008 200220b ||||| |||| 00| 0 eng d
020 _a9780123736543
082 _a664.00286
100 _aArvanitoyannis, Ioannis.
245 _aWaste management for the food industries/
260 _aAmsterdam:
_bElsevier,
_c2008.
300 _axxiv, 1071p.; ill.:
_bIncludes bibliograhical references and index.
_c25cm.
650 _2Refuse and refuse disposal
_vFood industry and trade--Waste disposal
942 _2ddc
_cBOOK